|
|
|
|
| LEADER |
00000nam0a2200000 4500 |
| 001 |
367614 |
| 005 |
20231102012012.0 |
| 035 |
|
|
|a (RuTPU)RU\TPU\retro\24977
|
| 090 |
|
|
|a 367614
|
| 100 |
|
|
|a 20220317d2012 km y0rusy50 ca
|
| 101 |
0 |
|
|a rus
|
| 102 |
|
|
|a RU
|
| 105 |
|
|
|a a z 001zy
|
| 200 |
1 |
|
|a Минерально-сырьевая база урана Восточной Сибири
|f Д. А. Самович, И. И. Царук, А. А. Кокарев [и др.]
|g Федеральное агентство по недропользованию ; Урангеологоразведка, Сосновгеология
|
| 205 |
|
|
|a 2-е изд., доп. и испр.
|
| 210 |
|
|
|a Иркутск
|c Урангеологоразведка
|d 2012
|
| 215 |
|
|
|a 164 с.
|c ил.
|
| 316 |
|
|
|5 63413507: КР-7318
|a На форзаце дарственная надпись: «Леониду Петровичу, с глубочайшим уважением и пожеланием успехов. Д. Сомов 24.09.2013 г."
|
| 317 |
|
|
|5 63413507: КР-7318
|a Поступил в НТБ в 2021 г. в дар от семьи профессора ТПУ Л. П. Рихванова
|
| 320 |
|
|
|a Литература: с. 159-161
|
| 330 |
|
|
|a Книга посвящается 65-летнему юбилею Байкальского филиала "Сосновгеология" ФГУГП "Урангеологоразведка" и является своеобразным итогом многолетней деятельности по созданию минерально-сырьевой базы урана в Восточной Сибири. Цель работы — дать полное и объективное представление о фактическом состоянии минерально-сырьевой базы урана Восточно-Сибирского региона и перспективах её развития. Книга рассчитана на широкий круг специалистов, занимающихся геологоразведочными работами и разработкой месторождений урана. Для написания книги использован большой фактический материал Геолфонда, созданного в результате геологоразведочных работ, проведённых на огромной территории за шестидесятипятилетний период коллективом геологов и геофизиков "Сосновгеологии". Основное внимание уделено рудным районам, рудоперспективным территориям и месторождениям. Площади и объекты с неопределившимися перспективами описаны в краткой форме. Описание Стрельцовского рудного поля и наиболее крупных месторождений урана в его пределах приведено по материалам Л.П. Ищуковой, изложенным в монографии "Геология Урулюнгуевского рудного района и молибден-урановых месторождений Стрельцовского рудного поля". Книга опубликована в авторской редакции. Компьютерный набор текста, черчение, редакция, подготовка иллюстраций выполнены техником-картографом С. Ю. Коротких. Л. А. Скрябиковой.
|
| 606 |
1 |
|
|a Урановые месторождения
|2 stltpush
|3 (RuTPU)RU\TPU\subj\63189
|9 80225
|
| 610 |
1 |
|
|a Библиотека Л. П. Рихванова
|
| 610 |
1 |
|
|a разработка месторождений
|
| 610 |
1 |
|
|a минерально-сырьевые базы
|
| 610 |
1 |
|
|a геологоразведочные работы
|
| 610 |
1 |
|
|a рудные районы
|
| 610 |
1 |
|
|a рудные поля
|
| 610 |
1 |
|
|a урановорудные провинции
|
| 610 |
1 |
|
|a металлогенические зоны
|
| 610 |
1 |
|
|a Восточная Сибирь
|
| 610 |
1 |
|
|a дарственные надписи
|
| 610 |
1 |
|
|a дары автора
|
| 610 |
1 |
|
|a дары библиотеке
|
| 675 |
|
|
|a 553.495
|v 4
|
| 701 |
|
1 |
|a Самович
|b Д. А.
|
| 701 |
|
1 |
|a Царук
|b И. И.
|
| 701 |
|
1 |
|a Кокарев
|b А. А.
|
| 701 |
|
1 |
|a Гаврилов
|b Л. П.
|
| 701 |
|
1 |
|a Митрофанов
|b Е. А.
|
| 712 |
0 |
2 |
|a Федеральное агентство по недропользованию
|2 stltpush
|3 (RuTPU)RU\TPU\col\16905
|9 26446
|
| 712 |
0 |
2 |
|a Урангеологоразведка
|b Сосновгеология
|c (Иркутск)
|c Байкальский филиал
|2 stltpush
|3 (RuTPU)RU\TPU\col\21819
|
| 801 |
|
1 |
|a RU
|b 63413507
|c 20220317
|
| 801 |
|
2 |
|a RU
|b 63413507
|c 20220829
|g RCR
|
| 942 |
|
|
|c BK
|